Religion Quiz

Random Religion or Islam Quiz

Wiki Religion Picture Click Quiz Stats

Quiz Updated Jan 14, 2017

Challenge
Share
Tweet
Score 0/12 Timer 04:00
3 Plays Today
% Correct
Thor
95.5%
Torah
91.1%
Shiva
90.2%
Hercules
81.1%
Hajj
80.7%
Kwanzaa
80.5%
Eucharist
79.3%
Wicca
74.4%
Matzo
74.1%
Manna
66.3%
Tao Te Ching
65.1%
Diwali
55.4%

You're not logged in!

Compare scores with friends on all Sporcle quizzes.
Join for Free
OR
Log In

You Might Also Like...

Show Comments

Extras

Top Quizzes Today


Score Distribution

Your Account Isn't Verified!

In order to create a playlist on Sporcle, you need to verify the email address you used during registration. Go to your Sporcle Settings to finish the process.

Report this User

Report this user for behavior that violates our Community Guidelines.

Details: